Влияние эффектов дальнодействия на мультикритическое поведение однородных систем; Журнал экспериментальной и теоретической физики; Т. 125, вып. 2

Մատենագիտական մանրամասներ
Parent link:Журнал экспериментальной и теоретической физики=ЖЭТФ/ Российская академия наук (РАН) ; Отделение физических наук РАН.— , 1931-.— 0044-4510
Т. 125, вып. 2.— 2004.— с. 382-384
Հիմնական հեղինակ: Белим С. В.
Լեզու:ռուսերեն
Հրապարակվել է: 2004
Շարք:Твердые тела
Խորագրեր:
Ձևաչափ: MixedMaterials Գրքի գլուխ
KOHA link:https://koha.lib.tpu.ru/cgi-bin/koha/opac-detail.pl?biblionumber=431652

MARC

LEADER 00000naa2a2200000 4500
001 431652
005 20231101075411.0
035 |a (RuTPU)RU\TPU\prd\91811 
035 |a RU\TPU\prd\24666 
090 |a 431652 
100 |a 20101202a2004 k y0rusy50 ca 
101 0 |a rus 
102 |a RU 
200 1 |a Влияние эффектов дальнодействия на мультикритическое поведение однородных систем  |f С. В. Белим 
225 1 |a Твердые тела  |e Структура 
320 |a Библиогр.: 4 назв. 
461 1 |0 (RuTPU)RU\TPU\prd\1443  |x 0044-4510  |t Журнал экспериментальной и теоретической физики  |l ЖЭТФ  |f Российская академия наук (РАН) ; Отделение физических наук РАН  |d 1931- 
463 1 |0 (RuTPU)RU\TPU\prd\91796  |t Т. 125, вып. 2  |v с. 382-384  |d 2004 
610 1 |a дальнодействие 
610 1 |a однородные системы 
610 1 |a мультикритичекое поведение 
610 1 |a теоретико-полевое описание 
610 1 |a бикритические точки 
610 1 |a тетракритические точки 
610 1 |a суммирование Паде-Бореля 
700 1 |a Белим  |b С. В. 
801 1 |a RU  |b 63413507  |c 20040401  |g PSBO 
801 2 |a RU  |b 63413507  |c 20101202  |g RCR 
942 |c BK